A Primeron the IMF's Information Notice System /

This paper describes the methodology and the data used to compute nominal and real effective exchange rate indices in the International Monetary Fund's Information Notice System (INS). In particular, it highlights improvements to the INS implemented over 1994-96, including modifications to the...

Ausführliche Beschreibung

Bibliographische Detailangaben
1. Verfasser: Desruelle, Dominique
Weitere Verfasser: Zanello, Alessandro
Format: Zeitschrift
Sprache:English
Veröffentlicht: Washington, D.C. : International Monetary Fund, 1997.
Schriftenreihe:IMF Working Papers; Working Paper ; No. 1997/071
Online Zugang:Full text available on IMF
LEADER 01483cas a2200253 a 4500
001 AALejournalIMF000384
008 230101c9999 xx r poo 0 0eng d
020 |c 5.00 USD 
020 |z 9781451960020 
022 |a 1018-5941 
040 |a BD-DhAAL  |c BD-DhAAL 
100 1 |a Desruelle, Dominique. 
245 1 2 |a A Primeron the IMF's Information Notice System /  |c Dominique Desruelle, Alessandro Zanello. 
264 1 |a Washington, D.C. :  |b International Monetary Fund,  |c 1997. 
300 |a 1 online resource (33 pages) 
490 1 |a IMF Working Papers 
500 |a <strong>Off-Campus Access:</strong> No User ID or Password Required 
500 |a <strong>On-Campus Access:</strong> No User ID or Password Required 
506 |a Electronic access restricted to authorized BRAC University faculty, staff and students 
520 3 |a This paper describes the methodology and the data used to compute nominal and real effective exchange rate indices in the International Monetary Fund's Information Notice System (INS). In particular, it highlights improvements to the INS implemented over 1994-96, including modifications to the computational methodology, use of updated data, and extension of the INS to recent Fund members. 
538 |a Mode of access: Internet 
700 1 |a Zanello, Alessandro. 
830 0 |a IMF Working Papers; Working Paper ;  |v No. 1997/071 
856 4 0 |z Full text available on IMF  |u http://elibrary.imf.org/view/journals/001/1997/071/001.1997.issue-071-en.xml  |z IMF e-Library